| 000 | 01779cam a22003975a 4500 | ||
|---|---|---|---|
| 001 | 015612822 | ||
| 003 | Uk | ||
| 005 | 20160810152226.0 | ||
| 008 | 100719s2011 enk frbd 001 0 eng d | ||
| 015 |
_aGBB091085 _2bnb |
||
| 016 | 7 |
_a015612822 _2Uk |
|
| 020 | _a9781848607033 (pbk.) | ||
| 020 | _a1848607032 (pbk.) | ||
| 035 | _a(UkOxU)UkOxUb17328451 | ||
| 040 |
_aStDuBDS _beng _cStDuBDS _dEG-ScBUE |
||
| 042 | _aukscp | ||
| 082 | 0 | 4 |
_222 _a364.254 _bJEW |
| 100 | 1 |
_aJewkes, Yvonne, _d1966- _940719 |
|
| 245 | 1 | 0 |
_aMedia & crime / _cYvonne Jewkes. |
| 246 | 3 | _aMedia and crime | |
| 250 | _a2nd ed. | ||
| 260 |
_aLondon : _bSAGE Publications Ltd, _c2011. |
||
| 300 |
_aviii, 317 p. ; _c25 cm. |
||
| 490 | 0 | _aKey approaches to criminology | |
| 500 | _aIndex : p. 306-317. | ||
| 500 | _aGlossary : p. 277-290. | ||
| 504 | _aBibliography : p. 291-305. | ||
| 505 | _aIntroduction Theorizing Media and Crime -- The Construction of Crime News -- Media and Moral Panics -- Media Constructions of Children: 'Evil Monsters' and 'Tragic Victims' -- Media Misogyny: Monstrous Women -- Police, Offenders and Victims in the Media -- Crime Films and Prison Films -- Crime and the Surveillance Culture -- The role of the Internet in crime and deviance -- Re Conceptualizing the Relationship between Media and Crime. | ||
| 520 | _aTHE definitive resource on media and crime, updated and fully revised. Engaging, accessible and comprehensive, a must-have for anyone studying criminology or media studies. | ||
| 650 | 7 |
_aCrime in mass media. _2BUEsh _940720 |
|
| 650 | 7 |
_aMass media and crime. _2BUEsh _940722 |
|
| 650 | 7 |
_aMass media and criminal justice. _2BUEsh _940721 |
|
| 651 | _2BUEsh | ||
| 653 |
_bCOMAME _cAugust 2016 |
||
| 942 |
_2ddc _e22 _k364.254 JEW |
||
| 999 |
_c22159 _d22131 |
||